000 02232nam a2200361 a 4500
003 Mxchpua
005 20250123180936.0
007 ta
008 250123s2024 mx o|||fs|||| 001 0 spa d
040 _amxchpua
090 _aT.C.951
_bH46 SAI
_c2024
245 1 0 _aAnálisis del sistema bovinos para carne en Sinaloa y Sonora del 21 de enero al 4 de febrero de 2024 /
_ccoordinador Filogonio Jesús Hernández Guzmán ; colaboradores Alan D. Gómez Rodríguez...[y otros]
260 _aChapingo, México :
_bEl autor,
_c2024
300 _a1 recurso en línea (39 páginas) :
_btablas, fotos
336 _2rdacontent
_aTexto
_btxt
337 _2rdamedia
_acomputadora
_bc
338 _2rdacarrier
_arecurso en línea
_bcr
500 _aGrado 6° ; Grupo 2
502 _aViajes de Estudios
_b(SAI) --
_cUACh. Departamento de Ingeniería Agroindustrial,
_d2024
504 _aIncluye bibliografías
505 0 _aVisitas:
_tI. SONORA -- 1. Rancho El 17 -- 2. Unión Ganadera Regional de Sonora -- 3. FIRA sede Hermosillo -- 4. Rancho "El Baluarte" -- 5. Frigorífica Sonorense DJ S.A. de C.V -- 6. Ganadera JC -- 7. CRUNO -- 8. Puntos de comercialización -- II. SINALOA -- 9. Rancho “San José” -- 10. Asociación Ganadera Local de Mazatlán -- 11. Rancho “Las Quintas” -- 12. Rancho La Loma del Tigre -- 13. Unión Ganadera Regional de Sinaloa -- 14. Malta Texo -- 15. SADER -- 16. Cefppsinaloa -- 17. Sukarne -- 18. Encuestas en Mercado -- 19. Grupo Rubio -- 20. Rastro TIF
650 1 3 _aIndustria del ganado y de la carne
_zMéxico
_zSonora
_9158521
650 1 3 _aIndustria del ganado y de la carne
_zMéxico
_zSinaloa
_9189875
650 1 3 _aProductos cárnicos
_xTrazabilidad
_9189877
650 1 3 _aSalud animal
_xGanado de carne
_9189879
650 1 3 _aLivestock and meat industry
_zMexico
_zSonora
_9158522
650 1 3 _aLivestock and meat industry
_zMexico
_zSinaloa
_9189876
650 1 3 _aMeat products
_xTraceability
_9189878
650 1 3 _aAnimal health
_xBeef cattle
_9189880
700 1 _aHernández Guzmán, Filogonio Jesús
_954108
_ecoordinador
700 1 _aGómez Rodríguez, Alan D.
_9189874
_ecolaborador
856 4 0 _uhttp://10.13.5.2/ve/TC951_SAI/TC951_SAI_2024-REPORTE.pdf
_yDESCARGAR REPORTE
999 _c220365
_d220365